[Event "Mechanics' Whitehead TNM; 30/90, SD/30"]
[Site "San Francisco"]
[Date "2014.09.09"]
[Round "6.3"]
[White "Tsodikova, Natalya"]
[Black "Traub, Igor"]
[Result "1-0"]
[WhiteElo "2162"]
[BlackElo "2078"]
[PlyCount "105"]
[EventDate "2014.??.??"]

1. d4 d5 2. Bf4 Nf6 3. Nf3 e6 4. e3 Be7 5. Bd3 c5 6. c3 Nc6 7. h3 O-O 8. O-O
Bd7 9. Nbd2 Qb6 10. Rb1 a5 11. Ne5 Rac8 12. Bh2 cxd4 13. exd4 Nxe5 14. dxe5 Ne8
15. Qh5 g6 16. Qe2 Ng7 17. Nf3 Rfd8 18. Bf4 Nf5 19. g4 Ng7 20. Nd4 f5 21. exf6
Bxf6 22. Be5 Rf8 23. Kg2 Bxe5 24. Qxe5 Qc7 25. Rbe1 Qxe5 26. Rxe5 Rf4 27. Rfe1
a4 28. Kg3 Rcf8 29. a3 Rxf2 30. R1e2 R2f4 31. Re1 R8f6 32. R5e3 Rf2 33. R1e2
Rxe2 34. Rxe2 Kf8 35. Nf3 Ne8 36. g5 Rf7 37. Ne5 Rg7 38. Nxd7+ Rxd7 39. Rxe6
Kf7 40. Rb6 Nd6 41. Rb4 Re7 42. Kf4 Ke6 43. Rxa4 Rf7+ 44. Ke3 Ke5 45. h4 b5 46.
Rb4 Nc4+ 47. Bxc4 bxc4 48. Rb8 Rf1 49. Rb7 Rh1 50. Rxh7 Rh2 51. a4 Kd6 52. a5
Rh1 53. a6 1-0

[Event "Mechanics' Winter TNM; 30/90, SD/30"]
[Site "San Francisco"]
[Date "2014.02.18"]
[Round "7.5"]
[White "Tsodikova, Natalya"]
[Black "Uzzaman, Ashik"]
[Result "0-1"]
[WhiteElo "2226"]
[BlackElo "1882"]
[PlyCount "42"]
[EventDate "2014.??.??"]

1. d4 Nf6 2. Bf4 c5 3. d5 Qb6 4. Nc3 Qxb2 5. Bd2 Qb6 6. e4 d6 7. Rb1 Qc7 8.
Bb5+ Bd7 9. Qe2 a6 10. Bxd7+ Nbxd7 11. a4 g6 12. f4 Bg7 13. Nf3 O-O 14. e5 dxe5
15. fxe5 Ng4 16. e6 Nde5 17. Ng5 f5 18. h3 Nf6 19. O-O h6 20. Nf3 {Diagram #}
Nh5 $1 21. Rfe1 Nxf3+ {After 22.Qxf3 Bd4+ wins.} 0-1

[Event "Mechanics' Fall TNM; 30/90, SD/30"]
[Site "San Francisco"]
[Date "2014.11.04"]
[Round "3.5"]
[White "Tsodikova, Natalya"]
[Black "Uzzaman, Ashik"]
[Result "0-1"]
[WhiteElo "2162"]
[BlackElo "2015"]
[PlyCount "78"]
[EventDate "2014.??.??"]

1. e4 c5 2. Nc3 g6 3. d3 Nc6 4. Be3 d6 5. Qd2 Bg7 6. g3 Nf6 7. Bh6 O-O 8. Bxg7
Kxg7 9. Bg2 Qb6 10. Rb1 Be6 11. Nge2 Rac8 12. Nf4 Nd4 13. O-O Qa6 14. Nxe6+
fxe6 15. f4 b5 16. e5 Nd7 17. Ne4 d5 18. Nf2 Qb6 19. c3 Nf5 20. g4 Nh4 21. Bh1
g5 22. f5 h6 23. Nh3 exf5 24. gxf5 Nxf5 25. Bxd5 Nxe5 26. Rbe1 Qd6 27. c4 bxc4
28. dxc4 Nd4 29. Qe3 Rxf1+ 30. Rxf1 e6 31. Be4 Nxc4 32. Qe1 Rf8 33. Rxf8 Qxf8
34. Nf2 Qf4 35. Nd3 Qg4+ 36. Kh1 Nf3 37. Qc3+ Kg8 38. Bxf3 Qxf3+ 39. Kg1 Ne3
0-1

[Event "Mechanics' SummerTNM; 30/90, SD/30"]
[Site "San Francisco"]
[Date "2014.06.24"]
[Round "5.2"]
[White "Tsodikova, Natalya"]
[Black "Winslow, Elliott C"]
[Result "0-1"]
[WhiteElo "2202"]
[BlackElo "2235"]
[Annotator "Winslow,Elliott C"]
[PlyCount "130"]
[EventDate "2014.??.??"]

1. e4 c5 2. Nf3 g6 3. g3 Bg7 4. Bg2 Nc6 5. O-O e5 6. d3 Nge7 7. Nc3 O-O 8. Nh4
d6 9. f4 exf4 10. Bxf4 h6 11. Nf3 Be6 12. Qd2 Kh7 13. Rae1 a6 14. a4 d5 15. h4
d4 16. Nd1 Bg4 17. Nf2 Bxf3 18. Bxf3 Ne5 19. Bxe5 Bxe5 20. Ng4 Bg7 21. Kh2 h5
22. Nf2 Nc6 23. Nh3 Bh6 24. Qe2 Ne5 {Diagram [#]} 25. Bxh5 $5 gxh5 26. Qxh5 Qd6
(26... f6 27. Qf5+ Kh8 28. Nf4 (28. Qh5 Kg8 $1) 28... Qe7 29. Kh3 Bxf4 30. gxf4
Nc6 31. Rg1 Rg8 32. Qh5+ Qh7 $17) 27. Rf5 Rae8 (27... f6 28. Ref1 c4 $15) 28.
Ref1 f6 (28... Kg8 $5) 29. Nf4 (29. Kh1) 29... Kg7 $2 (29... Rg8) 30. Nd5 (30.
Kh1) 30... Re6 31. Kh3 Qd7 $2 (31... Be3 $11 32. Qe2 (32. Nxe3 dxe3 33. Qe2 Qd4
34. b3) 32... Bh6 33. Qh5) 32. g4 $16 Qf7 $2 (32... Ng6 33. Nxf6 Rexf6 34. Rxf6
Rxf6 35. Rxf6 Nf4+ 36. Rxf4 Bxf4 37. Qxc5) 33. Qxf7+ Nxf7 (33... Rxf7 34. g5
fxg5 35. hxg5 Rxf5 36. Rxf5 (36. exf5 Rd6 37. gxh6+) 36... c4 37. Nf4 Re8 38.
b3) 34. Nxf6 Nd6 35. Nh5+ Kg8 36. Rxf8+ (36. Rf6 Rfxf6 37. Nxf6+ Kh8 38. g5 Bg7
39. Kg4) 36... Bxf8 37. g5 (37. Nf6+) 37... c4 38. Nf4 (38. Nf6+) 38... Re8 39.
Nd5 Bg7 40. Nf6+ $2 (40. h5 Nf7 41. h6 Bh8 42. Rf5) 40... Bxf6 41. Rxf6 cxd3
42. cxd3 Nf7 43. g6 $2 (43. Kg3 Ne5 44. Rd6 Nxd3 45. Rxd4 Nxb2 46. a5) 43...
Ne5 44. Rd6 Kg7 (44... Nxd3 45. h5 (45. Rxd4 Nf4+ 46. Kg4 Nxg6 47. h5 Ne5+ 48.
Kf5 Re7 $15) 45... Kg7 46. Rxd4 Nc5 47. Rd5 Nxe4 48. Rd7+ Kh6 49. Rxb7 Kxh5 50.
g7 Rg8) 45. Rxd4 Kxg6 46. Kg3 (46. Rd5) (46. Rd6+ Kf7 47. h5 $11) 46... Re7 $6
(46... Kf6 47. Rd6+ Ke7 48. Rb6 Nxd3 49. Rxb7+ Ke6 $11) 47. Kf4 Nc6 48. Rd6+
Kh5 49. d4 Rf7+ 50. Kg3 Rg7+ 51. Kh3 Rf7 (51... Nb4 52. e5 Nd3 53. Rf6 Rd7 54.
Rf5+ Kg6 55. Rf6+ Kh7 56. Rd6 Rg7 57. Rf6 Rd7 $11) 52. Rd5+ Kh6 53. Kg4 Rg7+
54. Kf4 Rf7+ 55. Ke3 Rf1 56. Rd7 Re1+ {Diagram [#]} 57. Kd3 $2 (57. Kf4) 57...
Rd1+ (57... Ne5+ $1 58. Kd2 Nxd7 (58... Nf3+ 59. Kd3 Ne5+ $11) 59. Kxe1 Kh5 $11
) 58. Kc4 $4 {Diagram [#]} (58. Kc3 Rc1+ 59. Kd2 Rc4 60. Rxb7 Rxd4+ 61. Ke3
Rxa4 62. Rb6 Rc4 $11) 58... Ne5+ $19 59. dxe5 Rxd7 60. e6 (60. Kc5 Kg6 61. e6
Rh7 $1 62. Kd6 Rxh4) 60... Rd6 (60... Rh7 $1) 61. Kc5 Rxe6 62. Kd5 Re8 $6 (
62... Rb6 $1) 63. b4 Kg6 64. a5 Kf6 65. h5 Re5+ 0-1

[Event "Mechanics' SummerTNM; 30/90, SD/30"]
[Site "San Francisco"]
[Date "2014.07.08"]
[Round "7.4"]
[White "Tsodikova, Natalya"]
[Black "Zhao, Art"]
[Result "0-1"]
[WhiteElo "2202"]
[BlackElo "2111"]
[PlyCount "88"]
[EventDate "2014.??.??"]

1. e4 c5 2. Nf3 d6 3. g3 Nc6 4. Bg2 g6 5. O-O Bg7 6. d3 Bg4 7. h3 Bd7 8. c3 e5
9. Be3 Nge7 10. Qd2 O-O 11. Bh6 Qc8 12. Kh2 b5 13. Bxg7 Kxg7 14. Na3 Rb8 15. d4
Qc7 16. Nc2 Na5 17. Ne3 Bc6 18. Nh4 Qb7 19. dxe5 dxe5 20. Qd6 f6 21. Qxc5 Rfc8
22. Qb4 Nc4 23. Nxc4 bxc4 24. Qxb7 Rxb7 25. b4 cxb3 26. axb3 Rxb3 27. Rxa7 Kf7
28. c4 Rc3 29. Nf3 Rxc4 30. Re1 Rc2 31. Kg1 Rb8 32. Bf1 Rbb2 33. Rd1 Rxf2 34.
Bc4+ Ke8 35. Ne1 Rh2 36. Bd5 Rxh3 37. Bxc6+ Nxc6 38. Ra6 Rxg3+ 39. Kf1 Nd4 40.
Rda1 Rb7 41. Rxf6 Ke7 42. Rf2 h5 43. Ra5 Rg5 44. Rd2 Nb3 0-1

[Event "Mechanics' SummerTNM; 30/90, SD/30"]
[Site "San Francisco"]
[Date "2014.07.15"]
[Round "8.7"]
[White "Uzzaman, Ashik"]
[Black "Askin, Michael"]
[Result "0-1"]
[WhiteElo "2086"]
[BlackElo "1898"]
[PlyCount "142"]
[EventDate "2014.??.??"]

1. e4 c5 2. Nc3 a6 3. f4 b5 4. g3 Bb7 5. Bg2 e6 6. Qe2 Nf6 7. e5 Nd5 8. Nh3
Nxc3 9. dxc3 Bxg2 10. Qxg2 d5 11. exd6 Ra7 12. Be3 Qxd6 13. Qf2 Qd5 14. O-O Rd7
15. Ng5 Be7 16. Nf3 O-O 17. Ne5 Rc7 18. a4 f6 19. Nd3 c4 20. Nb4 Qb7 21. a5 Nd7
22. Rfe1 e5 23. Rad1 exf4 24. gxf4 Bxb4 25. cxb4 f5 26. Bd4 Rc6 27. Qf3 Rg6+
28. Kf2 Qb8 29. Rg1 Nf6 30. Rxg6 hxg6 31. Bxf6 Rxf6 32. Qd5+ Kh7 33. Kf3 Qg8
34. Qxg8+ Kxg8 35. Rd7 Re6 36. Rb7 Kf8 37. h4 c3 38. b3 Rd6 39. Rc7 Rd1 40.
Rxc3 Rf1+ 41. Ke3 Rh1 42. Rc6 Rh3+ 43. Kd4 Rxh4 44. Ke5 Rh2 45. c4 Re2+ 46. Kd5
g5 47. fxg5 f4 48. g6 f3 49. Kd6 f2 50. Rc8+ Re8 51. Rc7 f1=Q 52. Rf7+ Qxf7 53.
gxf7 Kxf7 54. cxb5 Re6+ 55. Kd5 axb5 56. Kc5 Re5+ 57. Kb6 g5 58. a6 Re7 59. a7
Rxa7 60. Kxa7 g4 61. Ka6 g3 62. Kxb5 g2 63. Ka6 g1=Q 64. b5 Qc5 65. b6 Qa3+ 66.
Kb7 Ke7 67. Kb8 Kd7 68. b4 Qa6 69. b7 Qb6 70. b5 Qxb5 71. Ka7 Kc7 0-1

[Event "Mechanics' Fall TNM; 30/90, SD/30"]
[Site "San Francisco"]
[Date "2014.10.28"]
[Round "2.15"]
[White "Uzzaman, Ashik"]
[Black "Chalissery, Jossy"]
[Result "1-0"]
[WhiteElo "2015"]
[BlackElo "1719"]
[PlyCount "27"]
[EventDate "2014.??.??"]

1. e4 d5 2. exd5 Qxd5 3. Nc3 Qa5 4. d4 Nf6 5. Bc4 c6 6. Bd2 Bf5 7. Nf3 e6 8.
O-O Nbd7 9. Re1 Bd6 10. Nb5 Bb4 11. Bxb4 Qxb4 12. a3 Qxb2 13. Ra2 Bxc2 14. Qd2
1-0

[Event "Mechanics' Whitehead TNM; 30/90, SD/30"]
[Site "San Francisco"]
[Date "2014.09.30"]
[Round "9.9"]
[White "Uzzaman, Ashik"]
[Black "Flores, David"]
[Result "0-1"]
[WhiteElo "2102"]
[BlackElo "1793"]
[Annotator "Donaldson"]
[PlyCount "78"]
[EventDate "2014.??.??"]

1. e4 d6 2. d4 g6 3. c4 c5 4. dxc5 Qa5+ 5. Nc3 Qxc5 6. Be3 Qb4 7. Bd4 Nf6 8. a3
Qa5 9. b4 Qd8 10. Nd5 e5 11. Nxf6+ Qxf6 12. Be3 Nc6 13. Bd3 Be6 14. Qd2 Nd4 15.
Bg5 Qg7 16. Rb1 h6 17. Be3 Rc8 18. Ne2 Be7 19. O-O g5 20. Rfc1 O-O 21. Bxd4
exd4 22. Ng3 Qe5 23. Rc2 Bf6 24. Rf1 Qf4 25. Qe2 Be5 $11 26. Qh5 $4 Bg4 27.
Qxh6 Bg7 {The queen is trapped.} 28. Qxg7+ Kxg7 29. h3 Kh8 30. hxg4 Qxg4 31.
Nf5 Rg8 32. Nxd6 Rg6 33. Nxf7+ Kg7 34. Ne5 Qf4 35. Nxg6 Kxg6 36. e5+ Kg7 37.
Re1 Rh8 38. g3 Qf3 39. Be4 Rh1# 0-1

[Event "Mechanics' SummerTNM; 30/90, SD/30"]
[Site "San Francisco"]
[Date "2014.06.17"]
[Round "4.1"]
[White "Uzzaman, Ashik"]
[Black "Lee, Andy"]
[Result "0-1"]
[WhiteElo "2086"]
[BlackElo "2320"]
[Annotator "Donaldson"]
[PlyCount "62"]
[EventDate "2014.??.??"]

1. e4 e5 2. Nf3 Nc6 3. d4 exd4 4. Bc4 Nf6 5. e5 d5 6. Bb5 Ne4 7. Nxd4 Bc5 8.
Be3 O-O 9. Nxc6 bxc6 10. Bxc5 Nxc5 11. Bxc6 Rb8 12. O-O Ba6 13. Re1 d4 {
All this up to here has been played, but 13...d4 appears to be a novelty.} (
13... Rxb2 14. Qxd5 Rxc2 15. Na3 Rc3 $11) 14. b3 (14. Nd2 $1 Rxb2 15. Nb3)
14... Rb6 15. Qf3 Qg5 16. g3 (16. Na3 Rxc6 17. Qxc6 Bb7 18. h4 Qg4 19. f3 Qg3
20. Qb5 Ne6 21. Qe2 Nf4 22. Qf1 Nh3+ 23. Kh1 Nf2+ 24. Kg1 Nh3+ $11) 16... Qg6
17. Be4 Nxe4 $6 18. Qxe4 Qh5 {Diagram #} 19. Nd2 (19. Qxd4 $1 Rh6 20. h4 g5 21.
Re4 Bb7 22. Nd2 $1) 19... Bb7 20. Qh4 $2 (20. Qxd4 $1) 20... Qxh4 21. gxh4 Rg6+
22. Kf1 Rg4 23. f3 Rxh4 24. Kg2 Re8 25. Kg3 Rh5 26. f4 Re6 27. Nf3 Rg6+ 28. Ng5
h6 29. h4 hxg5 30. fxg5 Rc6 31. Re2 Rc3+ 0-1

[Event "Mechanics' SummerTNM; 30/90, SD/30"]
[Site "San Francisco"]
[Date "2014.07.01"]
[Round "6.2"]
[White "Uzzaman, Ashik"]
[Black "Manvelyan, Hayk"]
[Result "0-1"]
[WhiteElo "2086"]
[BlackElo "2349"]
[PlyCount "64"]
[EventDate "2014.??.??"]

1. e4 e5 2. Nf3 Nc6 3. d4 exd4 4. Bc4 Bc5 5. c3 dxc3 6. Bxf7+ Kxf7 7. Qd5+ Kf8
8. Qxc5+ Qe7 9. Qxc3 Qxe4+ 10. Be3 Nf6 11. Nbd2 Qg6 12. O-O d6 13. Qb3 Qf7 14.
Qa3 h6 15. Rac1 Nd5 16. b4 Ndxb4 17. Nd4 Qxa2 18. Qc3 Qf7 19. Rb1 a5 20. Rfc1
Bf5 21. Rb3 Kg8 22. N2f3 Kh7 23. Nxc6 bxc6 24. Nd4 Bg6 25. Nxc6 Nxc6 26. Rb7
Ra6 27. Rd1 Rb8 28. Rxb8 Nxb8 29. Qb2 Nc6 30. Qb5 Nb4 31. Rd4 Rb6 32. Qxa5 Nc2
0-1

[Event "Mechanics' Winter TNM; 30/90, SD/30"]
[Site "San Francisco"]
[Date "2014.02.04"]
[Round "5.2"]
[White "Uzzaman, Ashik"]
[Black "Manvelyan, Hayk"]
[Result "1/2-1/2"]
[WhiteElo "1882"]
[BlackElo "2357"]
[Annotator "Donaldson"]
[PlyCount "92"]
[EventDate "2014.??.??"]

1. e4 c5 2. Nc3 d6 3. f4 g6 4. Nf3 Bg7 5. Bb5+ Bd7 6. Bc4 Nc6 7. O-O e6 8. a3
Nge7 9. Nb5 Qb8 10. d3 a6 11. Nc3 b5 12. Ba2 O-O 13. Qe1 b4 14. axb4 Nxb4 15.
Bb3 (15. Bb1) 15... Nxd3 16. cxd3 Qxb3 17. Ra3 Qb7 18. Qh4 Bc6 19. f5 exf5 20.
Bh6 f6 21. Bxg7 Kxg7 22. Qg3 Qxb2 23. Rfa1 Rad8 24. Nh4 fxe4 25. dxe4 Qb4 (
25... f5 26. e5 d5 27. Rxa6 d4 28. Qg5 Rd7 29. e6 Rb7) 26. Rxa6 Qd4+ 27. Kh1
Qe5 28. Qd3 Ra8 29. Nf3 Qe6 30. Ra7 Rxa7 31. Rxa7 Rf7 (31... Ra8 32. Rc7 Ra1+
33. Ng1 Qe5) 32. h3 d5 33. e5 Nf5 (33... fxe5 34. Ng5 Qf5 35. Qxf5 gxf5 36.
Nxf7 Kxf7) 34. exf6+ Qxf6 35. Rxf7+ Qxf7 36. Ne5 Qe6 37. Nxc6 Qxc6 (37... d4)
38. Nxd5 Qa4 39. Qb1 Qd4 40. Qb7+ Kh6 41. Qf7 Qa1+ 42. Kh2 Qe5+ 43. Kg1 Qe1+ (
43... Qd6 44. Nf6 Qd4+ 45. Kh2 c4 46. Qxh7+ Kg5) 44. Kh2 Qg3+ 45. Kg1 Qe1+ 46.
Kh2 Qe5+ 1/2-1/2

[Event "Mechanics' SummerTNM; 30/90, SD/30"]
[Site "?"]
[Date "2014.05.27"]
[Round "1"]
[White "Uzzaman, Ashik"]
[Black "Oyuntseren, Toktok"]
[Result "1-0"]
[WhiteElo "2086"]
[BlackElo "1395"]
[Annotator "Donaldson"]
[PlyCount "31"]
[EventDate "2014.05.28"]

1. e4 e5 2. Nf3 d6 3. d4 Bg4 4. dxe5 Bxf3 5. Qxf3 dxe5 6. Bc4 Qf6 7. Qb3 b6 8.
Nc3 Bc5 9. O-O c6 10. Be3 Nd7 11. Rad1 Ne7 {Diagram #} 12. Rxd7 $1 Kxd7 13.
Bxc5 Rab8 (13... bxc5 14. Qb7+) 14. Qa3 bxc5 15. Qxa7+ Kc8 16. Ba6+ 1-0

[Event "Mechanics' Fall TNM; 30/90, SD/30"]
[Site "San Francisco"]
[Date "2014.12.16"]
[Round "8.2"]
[White "Uzzaman, Ashik"]
[Black "Shaw, Tenzing"]
[Result "0-1"]
[WhiteElo "2015"]
[BlackElo "2246"]
[PlyCount "98"]
[EventDate "2014.??.??"]

1. e4 e6 2. d4 d5 3. Nc3 Bb4 4. e5 c5 5. Bd2 Nh6 6. a3 Bxc3 7. Bxc3 cxd4 8.
Qxd4 Nc6 9. Qc5 Qe7 10. Qxe7+ Kxe7 11. f4 f6 12. Nf3 Nf7 13. O-O-O fxe5 14.
Nxe5 Nfxe5 15. fxe5 Bd7 16. Be2 Raf8 17. Bf3 Rf5 18. Rhe1 Rg8 19. Rd3 g5 20. h3
Be8 21. g4 Rf7 22. Bd2 h6 23. Rb3 b6 24. Bd1 Rf2 25. Be3 Rf7 26. h4 Nxe5 27.
Bxg5+ hxg5 28. Rxe5 gxh4 29. Rbe3 Bd7 30. Rxd5 Rf1 31. Kd2 Bc6 32. Rdd3 Bg2 33.
Be2 Rf2 34. Rc3 h3 35. Rc7+ Kf6 36. Rh7 Rxg4 37. Ke1 Rgf4 38. Rh6+ Kf7 39. Bc4
Rxc2 40. b3 Kg7 41. Rexe6 Re4+ 42. Rxe4 Kxh6 43. Re8 Kg5 44. Rh8 Kg4 45. Be2+
Kg3 46. Rg8+ Kh2 47. Kf2 Rb2 48. b4 Ra2 49. Rg3 Rxe2+ 0-1

[Event "Mechanics' Whitehead TNM; 30/90, SD/30"]
[Site "San Francisco"]
[Date "2014.08.05"]
[Round "1.10"]
[White "Uzzaman, Ashik"]
[Black "Starr, Albert"]
[Result "1-0"]
[WhiteElo "2102"]
[BlackElo "1523"]
[PlyCount "43"]
[EventDate "2014.??.??"]

1. e4 e5 2. Nf3 Nf6 3. Nxe5 d6 4. Nf3 Nxe4 5. Nc3 Nxc3 6. dxc3 Be7 7. Be3 O-O
8. Qd2 Nc6 9. O-O-O Bg4 10. Be2 Qe8 11. h3 Bf5 12. g4 Be4 13. Rhg1 Ne5 14. Nd4
c5 15. Nf5 Bxf5 16. gxf5 f6 17. Bh6 Rf7 18. f4 Qa4 19. Qd5 Kh8 20. fxe5 gxh6
21. Qxf7 Qf4+ 22. Kb1 1-0

[Event "Mechanics' Whitehead TNM; 30/90, SD/30"]
[Site "San Francisco"]
[Date "2014.09.02"]
[Round "5.6"]
[White "Uzzaman, Ashik"]
[Black "Steger, Eric"]
[Result "1-0"]
[WhiteElo "2102"]
[BlackElo "1931"]
[Annotator "Donaldson"]
[PlyCount "73"]
[EventDate "2014.??.??"]

1. e4 e5 2. Nf3 Nc6 3. d4 exd4 4. Bc4 Bc5 5. c3 Qe7 6. O-O d3 7. Bg5 f6 8. Bf4
d6 9. Bxd3 Bg4 10. Nbd2 h5 11. a4 g5 12. Be3 Bxe3 13. fxe3 O-O-O 14. a5 d5 15.
a6 b6 16. Qa4 Qc5 17. Nd4 Bd7 18. exd5 Ne5 19. Bf5 Bxf5 20. Rxf5 Qxd5 21. c4
Qd7 22. Qc2 c5 {Diagram #} 23. Qe4 cxd4 24. Qa8+ Kc7 25. Qb7+ Kd6 26. Qd5+ Ke7
27. Rxe5+ fxe5 28. Qxe5+ Qe6 29. Qg7+ Ke8 $2 {
This leaves the knight on g8 pinned and subject to capture with check.} (29...
Kd6 30. Qxa7 (30. Qxh8 $2 Qxe3+ $19) 30... Ne7 31. Qxb6+ Nc6 32. exd4 {
is messy.}) 30. Qxh8 dxe3 31. Ne4 $1 $18 e2 32. Qxh5+ Kf8 33. Qxe2 Re8 34. Rf1+
Kg7 35. Qh5 $1 g4 36. Nd6 $1 Qe3+ 37. Kh1 1-0

[Event "Mechanics' Winter TNM; 30/90, SD/30"]
[Site "San Francisco"]
[Date "2014.02.11"]
[Round "6.4"]
[White "Uzzaman, Ashik"]
[Black "Thornally, Frank"]
[Result "0-1"]
[WhiteElo "1882"]
[BlackElo "2200"]
[PlyCount "78"]
[EventDate "2014.??.??"]

1. e4 e5 2. Nf3 Nc6 3. d4 exd4 4. Bc4 Nf6 5. e5 Ne4 6. Bd5 Nc5 7. O-O Be7 8.
Re1 O-O 9. Nxd4 Nxd4 10. Qxd4 d6 11. Nc3 dxe5 12. Qxe5 Be6 13. Bxe6 Nxe6 14.
Be3 Qd6 15. Qh5 Qc6 16. a3 Rad8 17. Rad1 Rxd1 18. Rxd1 Bd6 19. Qg4 f5 20. Qe2
Re8 21. Qh5 g6 22. Qh6 Bf8 23. Qh3 Bg7 24. Bh6 a6 25. Bxg7 Kxg7 26. Qh4 g5 27.
Qb4 Nf4 28. f3 Kg6 29. Kf2 Re6 30. g3 Nh3+ 31. Kg2 g4 32. Rf1 Ng5 33. Qf8 Re8
34. Qb4 Nxf3 35. Kf2 Nxh2 36. Qf4 Nxf1 37. Kxf1 Qh1+ 38. Kf2 Qe1+ 39. Kg2 Rd8
0-1

[Event "Mechanics' Whitehead TNM; 30/90, SD/30"]
[Site "San Francisco"]
[Date "2014.09.09"]
[Round "6.2"]
[White "Uzzaman, Ashik"]
[Black "Winslow, Elliott"]
[Result "0-1"]
[WhiteElo "2102"]
[BlackElo "2254"]
[Annotator "Winslow"]
[PlyCount "88"]
[EventDate "2014.??.??"]

1. e4 d6 2. d4 Nf6 3. Nc3 g6 4. Nf3 Bg7 5. h3 O-O 6. Be3 a6 7. Bd3 b5 8. b4 Nc6
$146 (8... c6 9. a4 (9. O-O Bb7) 9... Bb7 10. a5 Nbd7 11. O-O e5 12. Rb1 Qc7
13. d5 cxd5) 9. Rb1 e5 10. d5 Ne7 11. a4 Bd7 12. axb5 axb5 13. Qe2 c6 14. dxc6
Bxc6 15. Bg5 Qb6 16. O-O Rab8 17. Ra1 d5 18. Bxf6 (18. Nxe5 dxe4) 18... Bxf6
19. Ra5 dxe4 20. Bxe4 Rfe8 (20... Rfc8 21. Rfa1 Bg7 22. Ra7 Rc7 23. Rxc7 (23.
R1a6 Qxa7) 23... Qxc7 24. Ra5 h6 25. Bxc6 Nxc6 26. Rxb5 Nxb4 27. Ne4 Rxb5 28.
Qxb5 Nxc2 29. Qe8+ Kh7 30. Neg5+ hxg5 31. Nxg5+ Kh6 32. Nxf7+ Kh7) 21. Rd1 Bg7
22. Rd6 (22. Bxc6 Qxc6 23. Nxb5 Nf5) 22... Qc7 23. Bxc6 Nxc6 24. Rxc6 $4 (24.
Nxb5 Qb7 25. Ra4 e4 26. Nd2 e3 27. fxe3 Bf8 28. c4 Nxb4) 24... Qxc6 25. Nxb5 e4
26. Nfd4 Bxd4 27. Nxd4 Qc3 28. Qe3 Qxb4 29. Nc6 Qb1+ 30. Kh2 Rbc8 (30... Qb6) (
30... Rb7) 31. Rc5 (31. Nd4) 31... Rc7 (31... Qb7 $5 32. Qc3 Rc7 33. Qf6 Qc8
34. Ne5 Qb8 35. c4 Rce7) 32. Qf4 (32. Nb4 $5 Rxc5 33. Qxc5 Qa1 (33... Qb2 34.
c3 Qd2 35. Nd5 Re6) 34. c3 Qa8 35. Nd5 Qb8+ 36. g3 Qe5) 32... Qb6 33. Re5 (33.
Qd6 Re6) 33... Rxe5 34. Nxe5 Re7 (34... Qd6 35. Nxg6 Qxf4+ 36. Nxf4 Rxc2) 35.
Qxe4 $2 (35. Ng4 f5 36. Ne3 Qc7 37. Kg3 Kf7 38. Nd5 Qxf4+ 39. Kxf4 Ra7) 35...
Qe6 36. f4 f6 37. g4 fxe5 38. f5 Qd6 (38... gxf5 39. gxf5 Qd6) 39. fxg6 hxg6
40. h4 Rc7 41. c4 Rd7 42. h5 Qd2+ 43. Kg1 Qd4+ 44. Qxd4 Rxd4 0-1

[Event "Mechanics' Winter TNM; 30/90, SD/30"]
[Site "San Francisco"]
[Date "2014.01.14"]
[Round "2.1"]
[White "Uzzaman, Ashik"]
[Black "Winslow, Elliott"]
[Result "1-0"]
[WhiteElo "1882"]
[BlackElo "2281"]
[PlyCount "107"]
[EventDate "2014.??.??"]

1. e4 c5 2. Nc3 d6 3. f4 g6 4. Nf3 Bg7 5. Bb5+ Bd7 6. Bc4 Nf6 7. d3 Nc6 8. O-O
Na5 $2 9. e5 $1 dxe5 10. fxe5 Ng4 {Diagram #} 11. Bxf7+ Kxf7 {Diagram #} 12.
e6+ Kg8 13. exd7 Qxd7 14. Qe1 Nc6 15. h3 Nge5 16. Nxe5 Nxe5 17. Be3 b6 18. Qh4
h6 19. Rae1 Rf8 20. Rxf8+ Kxf8 21. Qe4 Qc6 22. Nd5 Rh7 23. Bf4 e6 24. Bxe5 Qxd5
25. Qxg6 Bxe5 26. Rf1+ Ke7 27. Qxh7+ Kd6 28. Qxh6 Qd4+ 29. Kh1 Qxb2 30. Qf8+
Kc6 31. Qe8+ Kd6 32. Qa4 Qc3 33. Qxa7 Qxc2 34. Qxb6+ Ke7 35. Qb3 Qe2 36. Qb7+
Kd6 37. Qa6+ Ke7 38. Qb7+ Kd6 39. Qb6+ Kd5 40. Qd8+ Kc6 41. Rb1 Bc7 42. Qa8+
Kd7 43. Qa4+ Ke7 44. Qh4+ Kd7 45. Qh7+ Kd8 46. Qg8+ Kd7 47. Qf7+ Kd8 48. Qf8+
Kd7 49. Qxc5 Qxa2 50. Rc1 Bd6 51. Qc6+ Ke7 52. Qb7+ Kf6 53. Rf1+ Kg5 54. Qg7+
1-0

[Event "Mechanics' Winter TNM; 30/90, SD/30"]
[Site "San Francisco"]
[Date "2014.02.25"]
[Round "8.4"]
[White "Uzzaman, Ashik"]
[Black "Wong, Russell"]
[Result "1-0"]
[WhiteElo "1882"]
[BlackElo "2200"]
[PlyCount "113"]
[EventDate "2014.??.??"]

1. e4 Nf6 2. e5 Nd5 3. d4 d6 4. c4 Nb6 5. exd6 exd6 6. Nc3 Be7 7. Bd3 Nc6 8.
Nge2 Bg4 9. f3 Bh5 10. O-O Bg6 11. b3 Bf6 12. Bb2 Qe7 13. Ne4 d5 14. Nxf6+ Qxf6
15. c5 Nd7 16. Bc3 O-O 17. Bxg6 fxg6 18. Qd2 Ne7 19. b4 Rae8 20. a4 Nf5 21. Ng3
Ne3 22. Rfe1 Nc4 23. Qd3 Qf4 24. Nf1 Nf6 25. Bd2 Qh4 26. Ne3 Nxd2 27. Qxd2 Qf4
28. Rad1 Nh5 29. Nf1 Qxd2 30. Nxd2 Nf4 31. Nb3 Ne2+ 32. Kf2 Nc3 33. Ra1 Rxe1
34. Kxe1 b5 35. cxb6 cxb6 36. Kd2 Rc8 37. Rc1 Rc4 38. Rxc3 Rxb4 39. Rc8+ Kf7
40. Rc7+ Kf6 41. Kc3 Rxa4 42. h4 h6 43. g4 g5 44. h5 Ra2 45. Rd7 a5 46. Rxd5 a4
47. Nd2 Ra3+ 48. Kc4 Ra2 49. Ne4+ Ke7 50. Rb5 a3 51. Rxb6 Rc2+ 52. Kd3 a2 53.
Rb7+ Ke6 54. Ra7 Rb2 55. Nc3 Rf2 56. Ke3 Rb2 57. Rxa2 1-0

[Event "Mechanics' SummerTNM; 30/90, SD/30"]
[Site "San Francisco"]
[Date "2014.07.01"]
[Round "6.31"]
[White "Vazquez, Erasmo"]
[Black "Cole, Tony"]
[Result "1/2-1/2"]
[WhiteElo "1639"]
[BlackElo "1400"]
[PlyCount "47"]
[EventDate "2014.??.??"]

1. d4 d5 2. c4 Nf6 3. cxd5 Qxd5 4. Nc3 Qa5 5. e4 Nxe4 6. Bd2 Nxd2 7. Qxd2 e6 8.
Nf3 Bb4 9. Bd3 O-O 10. O-O Qh5 11. Ne5 Bd6 12. Be2 Qf5 13. Bg4 Qf6 14. Ne4 Qe7
15. Nxd6 cxd6 16. Nf3 f5 17. Bh3 b6 18. Rfe1 Bb7 19. Ng5 Rf6 20. Qe2 Bd5 21.
Qb5 Bc6 22. Qe2 Bd5 23. Qb5 Bc6 24. Qe2 1/2-1/2

[Event "Mechanics' Whitehead TNM; 30/90, SD/30"]
[Site "San Francisco"]
[Date "2014.09.16"]
[Round "7.16"]
[White "Vazquez, Erasmo"]
[Black "Drane, Robert"]
[Result "1/2-1/2"]
[WhiteElo "1633"]
[BlackElo "1869"]
[Annotator "Donaldson"]
[PlyCount "65"]
[EventDate "2014.??.??"]

1. d4 f5 2. e4 fxe4 3. Nc3 Nf6 4. Bg5 e6 5. Nxe4 Be7 6. Bxf6 Bxf6 7. Nf3 b6 8.
Bd3 Bb7 9. Qe2 Nc6 10. c3 Qe7 11. O-O-O O-O-O 12. Rhe1 Rhe8 13. Qc2 g6 14. Bf1
d5 15. Nxf6 Qxf6 16. Ne5 Nxe5 17. Rxe5 c5 18. Rde1 cxd4 19. cxd4+ Kb8 20. Kb1
Rd6 21. Bd3 Qf4 22. Qa4 Re7 23. Qb4 Rdd7 24. Rxe6 Rxe6 25. Rxe6 Rc7 26. Re8+
Rc8 27. Rxc8+ Bxc8 28. g3 Qf6 (28... Qxf2 $4 29. Qd6+) 29. f4 Bf5 30. Qc3 Bxd3+
31. Qxd3 Qe6 32. Kc2 Kb7 33. Kd2 {White is a pawn up but a great deal of work
still remains before it can be converted into victory.} 1/2-1/2

[Event "Mechanics' Fall TNM; 30/90, SD/30"]
[Site "San Francisco"]
[Date "2014.11.25"]
[Round "5.36"]
[White "Vazquez, Erasmo"]
[Black "Gomboluudev, Enkhjin"]
[Result "0-1"]
[WhiteElo "1619"]
[BlackElo "1464"]
[PlyCount "40"]
[EventDate "2014.??.??"]

1. d4 d5 2. c4 c6 3. Nc3 Nf6 4. Nf3 e6 5. Bg5 Nbd7 6. e3 h6 7. Bh4 Be7 8. Bd3
dxc4 9. Bxc4 b5 10. Bd3 Bb7 11. a3 a6 12. O-O c5 13. b3 Rc8 14. Qe2 cxd4 15.
Na2 dxe3 16. fxe3 O-O 17. Rfd1 Bxa3 18. Bxf6 Qxf6 19. Bxb5 axb5 20. Rxd7 Qxa1+
0-1